Diffusion Coefficient when fine Aerosol Media Propagate in a Confined Volume; European Physical Journal Web of Conferences (EPJ Web of Conferences); Vol. 110 : Thermophysical Basis of Energy Technologies
| Parent link: | European Physical Journal Web of Conferences (EPJ Web of Conferences) Vol. 110 : Thermophysical Basis of Energy Technologies.— 2016.— [01029, 6 p.] |
|---|---|
| Tác giả của công ty: | |
| Tác giả khác: | , , , |
| Tóm tắt: | Title screen An experimental estimation is reported of the value of the effective diffusion coefficient during aerosol deposition in a confined volume. Aerosol propagation regularities have experimentally been studied in a chamber of a complex configuration with different placement of aerosol generators. |
| Ngôn ngữ: | Tiếng Anh |
| Được phát hành: |
2016
|
| Những chủ đề: | |
| Truy cập trực tuyến: | http://dx.doi.org/10.1051/epjconf/201611001029 http://earchive.tpu.ru/handle/11683/33366 |
| Định dạng: | MixedMaterials Điện tử Chương của sách |
| KOHA link: | https://koha.lib.tpu.ru/cgi-bin/koha/opac-detail.pl?biblionumber=647661 |
MARC
| LEADER | 00000nla2a2200000 4500 | ||
|---|---|---|---|
| 001 | 647661 | ||
| 005 | 20231101134458.0 | ||
| 035 | |a (RuTPU)RU\TPU\network\12807 | ||
| 035 | |a RU\TPU\network\12805 | ||
| 090 | |a 647661 | ||
| 100 | |a 20160420a2016 k y0engy50 ba | ||
| 101 | 0 | |a eng | |
| 105 | |a y z 100zy | ||
| 135 | |a drcn ---uucaa | ||
| 181 | 0 | |a i | |
| 182 | 0 | |a b | |
| 200 | 1 | |a Diffusion Coefficient when fine Aerosol Media Propagate in a Confined Volume |f N. V. Korovina [et al.] | |
| 203 | |a Text |c electronic | ||
| 300 | |a Title screen | ||
| 320 | |a [References: 5 tit.] | ||
| 330 | |a An experimental estimation is reported of the value of the effective diffusion coefficient during aerosol deposition in a confined volume. Aerosol propagation regularities have experimentally been studied in a chamber of a complex configuration with different placement of aerosol generators. | ||
| 461 | 0 | |0 (RuTPU)RU\TPU\network\7958 |t European Physical Journal Web of Conferences (EPJ Web of Conferences) | |
| 463 | 0 | |0 (RuTPU)RU\TPU\network\12773 |t Vol. 110 : Thermophysical Basis of Energy Technologies |o Proceedings of the Conference, October 13-15, 2015, Tomsk, Russia |f National Research Tomsk Polytechnic University (TPU) ; eds. G. V. Kuznetsov [et al.] |v [01029, 6 p.] |d 2016 | |
| 610 | 1 | |a электронный ресурс | |
| 610 | 1 | |a труды учёных ТПУ | |
| 610 | 1 | |a коэффициент диффузии | |
| 610 | 1 | |a аэрозоли | |
| 610 | 1 | |a генераторы | |
| 610 | 1 | |a замкнутые объемы | |
| 701 | 1 | |a Korovina |b N. V. | |
| 701 | 1 | |a Zharova |b I. K. | |
| 701 | 1 | |a Kudryashova |b O. B. | |
| 701 | 1 | |a Titov |b S. S. | |
| 712 | 0 | 2 | |a Национальный исследовательский Томский политехнический университет (ТПУ) |c (2009- ) |2 stltpush |3 (RuTPU)RU\TPU\col\15902 |
| 801 | 2 | |a RU |b 63413507 |c 20161121 |g RCR | |
| 856 | 4 | |u http://dx.doi.org/10.1051/epjconf/201611001029 | |
| 856 | 4 | 0 | |u http://earchive.tpu.ru/handle/11683/33366 |
| 942 | |c CF | ||